|
|
|
|
| LEADER |
00000Cam#a2200000#a#4500 |
| 001 |
021055 |
| 005 |
20160721155706.0 |
| 008 |
090902s200u||||ag # f#b #000|0#spa#d |
| 040 |
|
|
|a AR-BeUNQ
|
| 082 |
0 |
4 |
|a 306.36
|2 21
|
| 100 |
1 |
|
|a Goldin, Adrián
|
| 245 |
1 |
3 |
|a Los derechos en el marco de las reformas laborales en América latina /
|c por Adrián Goldin.
|
| 260 |
|
|
|a [Victoria, Buenos Aires] :
|b Universidad de San Andrés,
|c [200-?]
|
| 300 |
|
|
|a 30 p. ;
|c 30 cm.
|
| 490 |
1 |
|
|a Documento de trabajo
|
| 504 |
|
|
|a Incluye referencias bibliográficas.
|
| 650 |
|
7 |
|a Política laboral
|2 spines
|
| 650 |
|
7 |
|a Derecho al trabajo
|2 spines
|
| 651 |
|
7 |
|a América latina
|2 toit
|
| 830 |
|
0 |
|a Documento de trabajo. (Universidad de San Andrés. Departamento de Humanidades).
|
| 929 |
|
|
|a CANJE
|b Universidad de San Andrés
|e 20070903
|f PAT0021378
|j 44068
|
| 942 |
|
|
|c LIB
|n 0
|
| 999 |
|
|
|c 20619
|d 96006
|